Responses for Show #7444 - Thursday, January 12, 2017

Contestants

[<< previous game]

Cheryl Guy, a high school principal from Columbia, South Carolina

Sarah Labadie, a nonprofit manager from Chicago, Illinois

Zoey Orol, an attorney from New York, New York (whose 1-day cash winnings total $4,400)

[next game >>]

Jeopardy! Round responses

WHAT COLOR IS THE DRESS?
KEYBOARD CAT
YAS QUEEN
DAD BOD
SQUAD GOALS
"ME"MES
    $200 6
India

Zoey
    $200 11
Elton John

Sarah
    $200 12
Marie Antoinette

Zoey
    $200 26
(Sarah: What are push-ups?)
(Zoey: What are chin-ups?)

pull-ups

ZoeySarahCheryl
    $200 21
the Ring Cycle

Zoey
    $200 1
a meow

Cheryl
    $400 7
(Cheryl: What is Capetown?)

Johannesburg

SarahCheryl
    $400 13
Norah Jones

Sarah
    $400 17
Victoria

Cheryl
    $400 27
impact

Zoey
    $400 22
Mount Rainier

Triple Stumper
    $400 2
to mete

Sarah
    $600 8
(Sarah: What is Copacabana?)

Ipanema

ZoeySarah
    $600 14
Chris Martin

Sarah
    $600 18
the Queen of Sheba

Cheryl
    $600 28
reps (repetitions)

Cheryl
    $600 23
Purdue

Sarah
    $600 3
mean

Sarah
    $800 9
the Lapps

Triple Stumper
    $800 15
Bruno Mars

Sarah
    $800 19
Nefertiti

Zoey
    $800 29
(Sarah: What is lipids?)
[The end-of-round signal sounds.]

lipoprotein

Sarah
Triple Stumper
    $800 24
hot peppers

Cheryl
    $800 4
mea culpa

Sarah
    $500 10
(Zoey: Who are the Maori?)

the Maasai

Zoey
    $1000 16
(Sarah: Who's Little Richard?)

Stevie Wonder

SarahCheryl
    $1000 20
(Zoey: Who is Jane the Crazy?)
[Initially ruled incorrect; reversed before Double Jeopardy! when the response was "researched and found to be acceptable"]

Joan the Mad (or Crazy)

Zoey
    $1000 25
(Cheryl: What is the Whip?)

Time

Cheryl
Triple Stumper
    $1000 5
meteoric

Zoey

Scores at the first commercial break (after clue 15):

Zoey Sarah Cheryl
$1,500 $3,600 -$200

Scores at the end of the Jeopardy! Round:

Zoey Sarah Cheryl
$3,700 $2,200 $2,400

Double Jeopardy! Round responses

U.S. PLACES
PARTS OF THE ORGAN
YOU'RE THE MAN!
SPEAK OF THE DICKENS
BEASTLY WORDS & PHRASES
POP CULTURE "VICE"
    $400 11
Yellowstone

Cheryl
    $400 13
the liver

Cheryl
    $400 23
Nat King Cole

Zoey
    $400 6
(Jacob) Marley

Zoey
    $400 16
pony

Sarah
    $400 1
Miami Vice

Cheryl
    $800 12
the ʻIolani Palace

Triple Stumper
    $800 14
(Zoey: Uh, what is the throat?)

the lungs

ZoeySarah
    $800 24
Monte Carlo

Zoey
    $800 7
Great Expectations

Cheryl
    $800 17
brass monkey

Triple Stumper
    $800 2
Grand Theft Auto: Vice City

Triple Stumper
    $1200 28
Deadwood

Triple Stumper
    $1200 15
the stomach

Zoey
    $1200 25
(Cheryl: What is "Many Faces"?)

a Thousand Faces

Cheryl
Triple Stumper
    $1200 8
(Sarah: Who is Dorrit?)

Nell

ZoeySarah
    $1200 18
a red herring

Cheryl
    $1200 3
Vice Versa

Sarah
    $1600 29
Sleepy Hollow

Sarah
    $1600 21
the brain

Cheryl
    $1600 26
soccer

Sarah
    $2,000 9
(Alex: The best of times, the worst of times. So far, the best for you.)

A Tale of Two Cities

Zoey
    $1600 19
a horse-collar tackle

Sarah
    $1600 4
(Alex: Yes, you deal with them all the time.)
(Cheryl: Yes, sir. )

Vice Principals

Cheryl
    $2000 30
Virginia City, Nevada

Triple Stumper
    $1,000 22
the eyeball

Cheryl
    $2000 27
H.G. Wells

Sarah
    $2000 10
David Copperfield

Zoey
    $2000 20
the dogs of war

Cheryl
    $2000 5
Inherent Vice

Triple Stumper

Scores at the end of the Double Jeopardy! Round:

Zoey Sarah Cheryl
$10,900 $10,200 $10,600

[wagering suggestions for these scores]

Final Jeopardy! Round responses

RELIGIOUS TERMS
SarahWhat is chest heaving
$10,198
CherylWhat is Holy Ghost?
$10,000
ZoeyWhat is lung disease?
$3,000
Holy Ghost

Final scores:

Zoey Sarah Cheryl
$7,900 $2 $20,600
2nd place: $2,000 3rd place: $1,000 New champion: $20,600

Game dynamics:

Coryat scores:

Zoey Sarah Cheryl
$11,000 $10,200 $11,600
15 R
(including 1 DD),
3 W
(including 1 DD)
16 R,
5 W
16 R
(including 1 DD),
3 W

Combined Coryat: $32,800

[game clues] [game scores] [suggest correction]

Game tape date: 2016-09-21
The J! Archive is created by fans, for fans. Scraping, republication, monetization, and malicious use prohibited; this site may use cookies and collect identifying information. See terms. The Jeopardy! game show and all elements thereof, including but not limited to copyright and trademark thereto, are the property of Jeopardy Productions, Inc. and are protected under law. This website is not affiliated with, sponsored by, or operated by Jeopardy Productions, Inc. Join the discussion at JBoard.tv.